000 00657nam a2200241Ia 4500
003 OSt
005 20221006143342.0
006 a|||||r|||| 00| 0
007 ta
008 221006b |||||||| |||| 00| 0 eng d
020 _c196(each)
024 _a8,738
037 _cTextual
040 _aEASL
_cEASL
_beng
041 _2eng
_aeng
082 _aV42:19.N74, L7-;2
100 _aSCALAPINO Robert A Ed.
245 0 _aForeign policy of modern Japan
260 _aBerkwley
_bUniversity of Calofornia
_c1971
300 _a426p.
_ccm.
942 _hV42:19.N74, L7-;2
_cTEXL
_2CC
999 _c1076824
_d1076824